000 00368nam a2200145Ia 4500
999 _c10784
_d10784
008 191201s2011 xx 000 0 und d
082 _a657
_bJAI
100 _aJAIN, S.P.
245 0 _aIndian Accounting Standards
260 _aNew Delhi
_bKalyani Pub.
_c2018
300 _aMisc
650 _aB Com
700 _aAGRAWAL, Simmi and JAIN, Hitesh
942 _2ddc
_cBK
_01